000
00339 a2200157 4500
001
183402
020
_a
85-305-0006-7
040
_c
Magnum
100
_a
Rocha, Ruth
240
1
0
_a
Nicolau tinha uma idéia
_l
por
245
1
0
_a
Nicolau tinha uma idéia
300
_a
24
362
0
_a
1995
697
_a
LITERATURA INFANTIL
942
_c
BK
999
_c
183402
_d
183402